000 00914nam a22002297a 4500
003 OSt
005 20250820092941.0
008 231025b ||||| |||| 00| 0 eng d
040 _c0
082 _aDPer 155.205 J826 January-March 2020 v. 118 n. 1-3
100 _aMatz, Sandra C.
_eauthor.
_949874
245 _aNice guys finish last :
_bwhen and why agreeableness is associated with economic hardship /
_cSandra C. Matz and Joe J. Gladstone.
260 _aWashington ;
_bAmerican Psychological Association ,
_cMarch 2020.
300 _avolume 118, pages 545-561 :
_billustration ;
_c28 cm.
500 _aJournal of Personality and Social Psychology, v. 118, no. 3, pages 545-561, March 2020.
650 _aEconomics.
_949875
650 _aIncome.
_948706
650 _aNegotiation.
_949876
700 _aMatz, Sandra C.
_eauthor.
_949874
700 _aGladstone, Joe J.
_eauthor.
_949877
942 _2ddc
_cPER
999 _c18395
_d18395